000 01043naa a22002897a 4500
001 BR7314492
003 BR-BrBNA
005 20240918173541.0
007 ta
008 230509b bl.||||| |||| 00| 0 por d
040 _aBR-BrBNA
_bpor
_cBiblioteca Nacional de Agricultura
041 _a(Pt)
072 _aF25
_b2110
_bG514
090 _aF25 BR7314492
100 1 _aSampaio, J. de V.
111 1 _a6. Reuniao do Comite Tecnico Interamericano de Cacau
_cSalvador, BA (Brazil)
_d20 May 1956
245 1 _aDisponibilidades em nutrientes dos solos de cacau da Bahia [Brasil]
260 3 _aSalvador, BA (Brasil):
_c1956.
500 _a6. Reuniao do Comite Tecnico Interamericano de Cacau Salvador, BA (Brasil): 1956. p. 243-251 (BR7314492-AM)F25
650 _aFERTILIDADE DO SOLO
650 _aCACAU
650 _aBAHIA
650 _aNUTRIENTE
773 0 _t6. Reuniao do Comite Tecnico Interamericano de Cacau
_wF25 BR7314492
_gSalvador, BA (Brasil), 1956. p. 243-251
909 _a202404
_bLucia
_c55
_dLucia Elande
942 _cAM
_2AGRIS
999 _c305321
_d305321